000 00860nam a2200229 a 4500
001 41544
003 BD-RjUL
005 20211209053416.0
008 160601s1965 ii ||||| |||| 00| 0 ben d
020 _c: Tk. 6.00
035 _a(BD-RjUL) 41662
040 _aBD-RjUL
_bben
_cBD-RjUL
041 _aben
082 _223
_a891.4409
_bBIC 1965
100 1 _aবিশী, প্রমথনাথ
_9127660
245 1 0 _aচিত্র-চরিত্র /
_cপ্রমথনাথ বিশী
260 _aকলকাতা :
_bমিত্র ও ‍ঘোষ,
_c১৯৬৫ (১৩৭২)
300 _a[২০], ১৫৯ পৃ. ;
_c২১ সেমি.
650 _aবাংলা সাহিত্য
_xইতিহাস ও সমালোচনা
_9127661
650 _aBengali literature
_xHistory and Criticism
_9117020
942 _2ddc
_cBK
999 _c41544
_d41544